[Event "BCF-chT3Sa 1718 (4NCL)"]
[Site "England"]
[Date "2018.02.11"]
[Round "6.36"]
[White "Bevan, Peter M"]
[Black "Woodcock, Keith D"]
[Result "1-0"]
[WhiteElo "1951"]
[BlackElo "1642"]
[PlyCount "91"]
[EventDate "2017.11.11"]
[EventType "team-tourn"]
[EventRounds "11"]
[EventCountry "ENG"]
[SourceTitle "EXT 2020"]
[Source "ChessBase"]
[SourceDate "2019.10.17"]
[SourceVersion "1"]
[SourceVersionDate "2019.10.17"]
[SourceQuality "1"]
[WhiteTeam "Rhyfelwyr Essyllwg"]
[BlackTeam "Anglian Avengers II"]
[WhiteTeamCountry "WLS"]
[BlackTeamCountry "ENG"]

1. c4 e5 2. g3 d5 3. cxd5 Qxd5 4. Nf3 e4 5. Nc3 Qc6 6. Nd4 Qc5 7. Nb3 Qe5 8. Bg2 Nf6 9. d4 exd3 10. Qxd3 Bb4 11. 0-0 0-0 12. Bf4 Qe7 13. Rfd1 a5 14. a3 Bxc3 15. Qxc3 Qxe2 16. Rd2 Qh5 17. Bxc7 Bh3 18. Bxb7 Ra7 19. Bh1 Nbd7 20. Bd6 Re8 21. Qd4 Ra6 22. Nc5 Nxc5 23. Qxc5 Bf5 24. f3 Qh6 25. Bf4 Qg6 26. Rad1 h5 27. Rd8 Ra8 28. Rxa8 Rxa8 29. h4 Bd3 30. Qg5 Bc2 31. Qxg6 Bxg6 32. Be5 Ne8 33. f4 Rc8 34. Bb7 Rc5 35. Kf2 f6 36. Bc3 Bf5 37. Rd5 Rxd5 38. Bxd5+ Kh7 39. Bxa5 Nd6 40. Ke3 g6 41. Bb4 Nb5 42. a4 Nc7 43. Kd4 Kg7 44. Bd6 Nxd5 45. Kxd5 Kf7 46. b4 1-0

[Event "Southend op 59th"]
[Site "Southend"]
[Date "2015.04.04"]
[Round "4"]
[White "Woodcock, Keith D"]
[Black "White, Graham C"]
[Result "1-0"]
[WhiteElo "1656"]
[BlackElo "1821"]
[PlyCount "53"]
[EventDate "2015.04.03"]
[EventType "swiss"]
[EventRounds "7"]
[EventCountry "ENG"]
[SourceTitle "EXT 2017"]
[Source "ChessBase"]
[SourceDate "2016.10.25"]
[SourceVersion "1"]
[SourceVersionDate "2016.10.25"]
[SourceQuality "1"]

1. d4 e6 2. e4 d5 3. Nc3 Bb4 4. e5 c5 5. Bd2 a6 6. a3 Bxc3 7. Bxc3 cxd4 8. Qxd4 Ne7 9. Nf3 Ng6 10. h4 Nc6 11. Qg4 h5 12. Qg3 Qe7 13. Bd3 Bd7 14. b4 b5 15. Bd2 Qf8 16. Bxg6 fxg6 17. Qxg6+ Qf7 18. Qd3 Kd8 19. Qc3 Kc7 20. Be3 Qf5 21. Qc5 Rhd8 22. Qb6+ Kc8 23. 0-0 Qf7 24. Ng5 Qe7 25. Bc5 Qe8 26. Bd6 Ra7 27. a4 1-0

[Event "BCF-chT3S 1415 (4NCL)"]
[Site "England"]
[Date "2015.01.11"]
[Round "4.217"]
[White "Mallon, Gunnar"]
[Black "Woodcock, Keith D"]
[Result "1-0"]
[WhiteElo "1722"]
[BlackElo "1659"]
[PlyCount "37"]
[EventDate "2014.11.15"]
[EventType "team-swiss"]
[EventRounds "6"]
[EventCountry "ENG"]
[SourceTitle "EXT 2016"]
[Source "ChessBase"]
[SourceDate "2015.10.08"]
[SourceVersion "1"]
[SourceVersionDate "2015.10.08"]
[SourceQuality "1"]
[WhiteTeam "BCM Hippos III"]
[BlackTeam "Anglian Avengers III"]
[WhiteTeamCountry "ENG"]
[BlackTeamCountry "ENG"]

1. c4 e5 2. Nc3 Nf6 3. e4 Bc5 4. g3 a6 5. Bg2 Nc6 6. Nge2 d6 7. 0-0 Be6 8. Nd5 Qd7 9. d3 Ba7 10. Be3 b6 11. f3 Ng8 12. Rc1 Nge7 13. d4 exd4 14. Nxd4 Nxd4 15. Bxd4 0-0 16. Qd2 Nc6 17. Bxg7 Bxd5 18. Qg5 Ne7 19. Bxf8+ 1-0

[Event "BCF-chT3S 1415 (4NCL)"]
[Site "England"]
[Date "2014.11.15"]
[Round "2.99"]
[White "Lewis, Christopher"]
[Black "Woodcock, Keith D"]
[Result "1-0"]
[WhiteElo "1786"]
[BlackElo "1681"]
[PlyCount "39"]
[EventDate "2014.11.15"]
[EventType "team-swiss"]
[EventRounds "6"]
[EventCountry "ENG"]
[SourceTitle "CBM 163 Extra"]
[Source "ChessBase"]
[SourceDate "2014.12.23"]
[SourceVersion "1"]
[SourceVersionDate "2014.12.23"]
[SourceQuality "1"]
[WhiteTeam "Shropshire"]
[BlackTeam "Anglian Avengers III"]
[WhiteTeamCountry "ENG"]
[BlackTeamCountry "ENG"]

1. e4 c5 2. Nf3 g6 3. d4 Bg7 4. d5 d6 5. c3 Nf6 6. Bd3 0-0 7. Bg5 h6 8. Bf4 Nbd7 9. h4 Qb6 10. Qd2 Kh7 11. h5 Nxh5 12. Rxh5 gxh5 13. e5+ Kg8 14. Bxh6 f6 15. e6 Ne5 16. Nxe5 dxe5 17. Bf5 Kh8 18. Qe2 Bxh6 19. Qxh5 Kg7 20. Qg6+ 1-0

[Event "BCF-chT3S 1415 (4NCL)"]
[Site "England"]
[Date "2014.11.15"]
[Round "1.3"]
[White "Woodcock, Keith D"]
[Black "David, Ivan"]
[Result "0-1"]
[WhiteElo "1681"]
[BlackElo "1826"]
[PlyCount "62"]
[EventDate "2014.11.15"]
[EventType "team-swiss"]
[EventRounds "6"]
[EventCountry "ENG"]
[SourceTitle "CBM 163 Extra"]
[Source "ChessBase"]
[SourceDate "2014.12.23"]
[SourceVersion "1"]
[SourceVersionDate "2014.12.23"]
[SourceQuality "1"]
[WhiteTeam "Anglian Avengers III"]
[BlackTeam "e2e4.org.uk IV"]
[WhiteTeamCountry "ENG"]
[BlackTeamCountry "ENG"]

1. d4 d6 2. Nc3 Nf6 3. e4 e5 4. dxe5 dxe5 5. Qxd8+ Kxd8 6. Bg5 Be6 7. 0-0-0+ Kc8 8. Nf3 Nbd7 9. h3 Bb4 10. Bd3 c6 11. Ne2 Ne8 12. Bh4 f6 13. c3 Bc5 14. b4 Bf8 15. Rd2 a5 16. b5 Nc5 17. bxc6 Nxd3+ 18. Rxd3 bxc6 19. Rhd1 Ba3+ 20. Kc2 Kc7 21. Nd2 g5 22. Bg3 Rf8 23. Nd4 Bg8 24. f3 Rb8 25. Rb1 Nd6 26. Nf5 Nc4 27. Nb3 a4 28. Nbd4 Rxb1 29. Kxb1 Rb8+ 30. Kc2 Rb2+ 31. Kd1 Rxg2 0-1

[Event "BCF-ch 5-day op AM Week 2"]
[Site "Torquay"]
[Date "2013.08.08"]
[Round "4"]
[White "Woodcock, Keith D"]
[Black "Friar, Jim A"]
[Result "0-1"]
[WhiteElo "1656"]
[BlackElo "1913"]
[PlyCount "86"]
[EventDate "2013.08.05"]
[EventType "swiss"]
[EventRounds "5"]
[EventCountry "ENG"]
[SourceTitle "EXT 2023"]
[Source "ChessBase"]
[SourceDate "2022.10.05"]
[SourceVersion "1"]
[SourceVersionDate "2022.10.05"]
[SourceQuality "1"]

1. d4 d5 2. Nc3 c5 3. e3 Nf6 4. dxc5 Nc6 5. Nf3 a6 6. Bd3 e5 7. e4 d4 8. Na4 Qa5+ 9. c3 dxc3 10. bxc3 Bxc5 11. 0-0 Bg4 12. Nxc5 Qxc5 13. Bb2 Rd8 14. Qe2 0-0 15. a4 Rfe8 16. h3 Bh5 17. g4 Bg6 18. Rfc1 Na5 19. Ba3 Qc6 20. Qc2 Rxd3 21. Qxd3 Bxe4 22. Nxe5 Rxe5 23. Qd8+ Re8 24. Qxa5 Bh1 25. f3 Qxf3 26. Rc2 Qxh3 27. Rh2 Qg3+ 28. Kxh1 Nxg4 29. Qh5 Re1+ 30. Rxe1 Qxe1+ 31. Kg2 Qf2+ 32. Kh3 Nxh2 33. Qg5 h5 34. Bc5 Qe2 35. Bd4 Qg4+ 36. Qxg4 Nxg4 37. Kh4 g6 38. Kg5 f6+ 39. Kxg6 h4 40. Bb6 h3 41. Bc7 Kf8 42. Bg3 h2 43. Bxh2 Nxh2 0-1

[Event "BCF-ch 5-day op AM Week 2"]
[Site "Torquay"]
[Date "2013.08.06"]
[Round "2"]
[White "Woodcock, Keith D"]
[Black "Thomas, David3333"]
[Result "1/2-1/2"]
[WhiteElo "1656"]
[BlackElo "1882"]
[PlyCount "43"]
[EventDate "2013.08.05"]
[EventType "swiss"]
[EventRounds "5"]
[EventCountry "ENG"]
[SourceTitle "EXT 2023"]
[Source "ChessBase"]
[SourceDate "2022.10.05"]
[SourceVersion "1"]
[SourceVersionDate "2022.10.05"]
[SourceQuality "1"]

1. d4 Nf6 2. Nc3 d5 3. Bg5 e6 4. e4 Be7 5. e5 Nfd7 6. Bxe7 Qxe7 7. f4 a6 8. Nf3 c5 9. Be2 Nc6 10. Qd2 cxd4 11. Nxd4 Nxd4 12. Qxd4 Qc5 13. Qd3 b5 14. Bf3 Nb6 15. 0-0-0 Bd7 16. Kb1 Rc8 17. g4 Nc4 18. Ne4 Qb4 19. Nd6+ Nxd6 20. exd6 Qxf4 21. Bxd5 0-0 22. Be4 1/2-1/2

[Event "BCF-chT3 1213 (4NCL)"]
[Site "England"]
[Date "2013.05.06"]
[Round "11.189"]
[White "Szymanski, Mark"]
[Black "Woodcock, Keith D"]
[Result "1-0"]
[WhiteElo "1807"]
[BlackElo "1658"]
[PlyCount "68"]
[EventDate "2012.11.03"]
[EventType "team-swiss"]
[EventRounds "11"]
[EventCountry "ENG"]
[SourceTitle "EXT 2014"]
[Source "ChessBase"]
[SourceDate "2013.11.20"]
[SourceVersion "1"]
[SourceVersionDate "2013.11.20"]
[SourceQuality "1"]
[WhiteTeam "Iceni"]
[BlackTeam "Anglian Avengers III"]
[WhiteTeamCountry "ENG"]
[BlackTeamCountry "ENG"]

1. c4 g6 2. g3 Bg7 3. Bg2 Nf6 4. Nc3 c6 5. e4 d6 6. Nge2 e5 7. 0-0 Bg4 8. d3 Nbd7 9. Be3 h6 10. f3 Be6 11. Qd2 Nb6 12. f4 Qd7 13. b3 Ng4 14. Rad1 a5 15. d4 Nxe3 16. Qxe3 f6 17. dxe5 fxe5 18. fxe5 Bxe5 19. Nf4 c5 20. Nce2 Bf7 21. Nh3 Rf8 22. Qxh6 Qe7 23. Rf2 Rh8 24. Qc1 Bf6 25. Rdf1 Nd7 26. e5 Qxe5 27. Bxb7 Rd8 28. Bc6 Ke7 29. Nef4 Qd4 30. Bxd7 Rxd7 31. Ne2 Qe5 32. Rxf6 Be6 33. Rxe6+ Qxe6 34. Nef4 Qe4 1-0

[Event "BCF-chT3S 1112 (4NCL)"]
[Site "England"]
[Date "2012.01.15"]
[Round "4.6"]
[White "Grobler, David J"]
[Black "Woodcock, Keith D"]
[Result "1-0"]
[WhiteElo "2234"]
[BlackElo "1633"]
[PlyCount "91"]
[EventDate "2011.11.12"]
[EventType "team-swiss"]
[EventRounds "6"]
[EventCountry "ENG"]
[SourceTitle "EXT 2013"]
[Source "ChessBase"]
[SourceDate "2012.11.22"]
[SourceVersion "1"]
[SourceVersionDate "2012.11.22"]
[SourceQuality "1"]
[WhiteTeam "e2e4.org.uk IV"]
[BlackTeam "Anglian Avengers III"]
[WhiteTeamCountry "ENG"]
[BlackTeamCountry "ENG"]

1. e4 c5 2. Nf3 g6 3. d4 Bg7 4. Nc3 cxd4 5. Nxd4 d6 6. Be3 a6 7. Qd2 Nc6 8. 0-0-0 Nxd4 9. Bxd4 Nf6 10. f3 Be6 11. g4 Qa5 12. a3 b5 13. g5 Nh5 14. Bxg7 Nxg7 15. Nd5 Qxd2+ 16. Rxd2 Rc8 17. h4 h6 18. gxh6 Rxh6 19. Nb4 Ra8 20. Nxa6 Rc8 21. Bxb5+ Kf8 22. Nb4 Rh5 23. a4 Ra8 24. Nd5 Ra7 25. b3 f6 26. Kb2 g5 27. Rdh2 g4 28. Nf4 Rh8 29. Nxe6+ Nxe6 30. fxg4 Nf4 31. g5 Kg7 32. gxf6+ Kxf6 33. h5 Rh6 34. Kc3 Ke5 35. Bd3 Ra8 36. Kd2 Rah8 37. a5 Ne6 38. b4 Nd4 39. Ke3 Rf8 40. Rf2 Rfh8 41. c3 Nc6 42. a6 Rxh5 43. Rxh5+ Rxh5 44. Rf5+ Rxf5 45. exf5 d5 46. b5 1-0

[Event "BCF-chT3S 1112 (4NCL)"]
[Site "England"]
[Date "2011.11.13"]
[Round "2.5"]
[White "Woodcock, Keith D"]
[Black "Gilbert, Colin"]
[Result "1/2-1/2"]
[WhiteElo "1633"]
[BlackElo "1802"]
[PlyCount "57"]
[EventDate "2011.11.12"]
[EventType "team-swiss"]
[EventRounds "6"]
[EventCountry "ENG"]
[SourceTitle "EXT 2013"]
[Source "ChessBase"]
[SourceDate "2012.11.22"]
[SourceVersion "1"]
[SourceVersionDate "2012.11.22"]
[SourceQuality "1"]
[WhiteTeam "Anglian Avengers III"]
[BlackTeam "The Full Ponty"]
[WhiteTeamCountry "ENG"]
[BlackTeamCountry "ENG"]

1. d4 Nf6 2. Nc3 d5 3. Nf3 g6 4. e3 Bg7 5. Bd3 Bg4 6. 0-0 0-0 7. h3 Bxf3 8. Qxf3 Nc6 9. Bb5 Qd6 10. Rd1 a6 11. Ba4 Rfd8 12. a3 Na5 13. e4 dxe4 14. Nxe4 Nxe4 15. Qxe4 b5 16. Bf4 Qd7 17. Bb3 Nxb3 18. cxb3 c6 19. Rac1 Rac8 20. b4 e6 21. Rd2 Qd5 22. Qe2 Qf5 23. Qe3 Bf6 24. g4 Qd5 25. Rc5 Qd7 26. Be5 Be7 27. Rc3 f6 28. Bg3 Bf8 29. Re2 1/2-1/2